| 000 | 02139cam a22004814i 4500 | ||
|---|---|---|---|
| 003 | PE-LiUPU | ||
| 005 | 20250731173131.0 | ||
| 008 | 150623s1989 ck rb 000 0 spa d | ||
| 035 | _a(Sirsi) a26358 | ||
| 040 |
_aPE-LiUPU _bspa _cPE-LiUPU _erda |
||
| 049 | _aPRUA | ||
| 082 | 0 | 4 |
_a222.11 _bN82 _221 |
| 100 | 1 |
_aNoorbergen, René, _eautor. |
|
| 245 | 1 | 3 |
_aEl misterio del arca perdida : _bfascinante relato de los fraudes y controversias acerca del arca de Noé y el sensacional hallazgo de sus restos en los montes Ararat / _cRené Noorbergen. |
| 264 | 1 |
_aBogotá, Colombia : _bAsociación Publicadora Interamericana, _c1989. |
|
| 300 |
_a134 páginas ; _c21 centímetros |
||
| 336 |
_atext _2rdacontent |
||
| 337 |
_aunmediated _2rdamedia |
||
| 338 |
_avolume _2rdacarrier |
||
| 504 | _aIncluye bibliografía. | ||
| 505 | 0 | _aDías de terror -- Rumores y leyendas -- Conclusión inevitable -- Antepasados superinteligentes -- Arqueología dinamita -- El arca con sabor francés -- Un testigo ocular vivo -- La controversia se intensifica -- Rastros desconcertantes -- El arca está allí. | |
| 526 | _aSEG42 | ||
| 526 | _aSEG41 | ||
| 526 | _aSEG40 | ||
| 526 | _aSEG39 | ||
| 526 | _aP94 | ||
| 526 | _aP87 | ||
| 526 | _aP86 | ||
| 526 | _aP85 | ||
| 526 | _aP77 | ||
| 526 | _aP76 | ||
| 526 | _aP35 | ||
| 650 | 0 | 4 |
_aArca de Noé _xDiluvio universal. |
| 910 |
_adbm _bncf _cncf _d20190617 |
||
| 942 |
_2ddc _cBOOK |
||
| 949 |
_a222.11 N82 _wDEWEY _c1 _i33738 _lCCODEBUL1 _mBUL _p3.00 _r0 _sY _tBOOK _u2015-06-24 _xTEOLOGIA _PP35 _0COMPRA _o.STAFF. Colección Teología |
||
| 994 |
_aC0 _bPEPRU |
||
| 596 | _a1 | ||
| 999 |
_a222.11 N82 _wDEWEY _c33380 _i33738 _d33380 _f2021-11-11 _g3 _lCCODEBUL1 _mBUL _p3.00 _q1 _r0 _sY _tBOOK _u2015-6-24 _xTEOLOGIA _PP35 _0COMPRA _o.STAFF. Colección Teología |
||
| 999 |
_a222.11 N82 _wDEWEY _c2 _i74890 _d2022-6-8 _e2022-5-31 _f2021-11-9 _g5 _lCCODEBUL1 _mBUL _n9 _p13.00 _r0 _sY _tBOOK _u2016-10-11 _xTEOLOGIA _PP35 _0COMPRA _o.STAFF. Colección Teología |
||
| 980 |
_81 _gALBERTO SANCHEZ Responsable de Automatización |
||